[Event "84th Tata Steel Challengers 2022"]
[Site "Wijk aan Zee"]
[Date "2022.01.22"]
[Round "7.4"]
[White "L'Ami, Erwin"]
[Black "Van Foreest, Lucas"]
[Result "0-1"]
[WhiteElo "2622"]
[BlackElo "2530"]
[Annotator "TA"]
[PlyCount "136"]
[EventDate "2022.01.15"]
[EventType "tourn"]
[EventCountry "NED"]
[SourceTitle "playchess.com"]
[Source "ChessBase"]
[SourceQuality "1"]

{[%evp 11,136,27,49,0,-9,-41,-28,-26,-29,-65,-12,-30,0,-45,-46,-70,-77,-69,-70,-61,-60,-87,-80,-77,-74,-88,-56,-88,-41,-81,-89,-108,-68,-96,-84,-81,-77,-139,-137,-136,-135,-141,-114,-108,-106,-281,-272,-267,-272,-281,-255,-274,-265,-262,-257,-278,-229,-229,-247,-242,-229,-229,-229,-227,-194,-250,-250,-240,-240,-249,-254,-256,-256,-256,-256,-245,-252,-254,-227,-227,-228,-213,-213,-213,-213,-213,-213,-213,-213,-213,-213,-213,-213,-258,-213,-213,-213,-288,-213,-288,-288,-288,-288,-288,-288,-288,-263,-289,-288,-288,-288,-288,-288,-288,-288,-288,-288,-288,-221,-263,-263,-256,-248,-548,-543,-431,-304]} 1. e4 e5 2. Nf3 Nc6 3. Bb5 a6 4. Ba4 Nf6 5. O-O Nxe4 6. d4 Be7 7. Bxc6 {C84: Closed Ruy Lopez: Unusual White 6th moves.} (7. Re1 $14 f5 8. dxe5 (8. Bxc6 dxc6 9. Nxe5 O-O $14)) 7... dxc6 $11 8. Qe2 Bf5 9. dxe5 {Black has an edge.} O-O 10. Be3 c5 {Inhibits Nd4.} (10... Qd5 $15) 11. Rd1 {[#]} Qc8 $146 ({Predecessor:} 11... Qe8 12. c4 Qc6 13. Nbd2 Rad8 14. Nf1 h6 15. Bf4 b5 16. Rac1 Be6 17. cxb5 axb5 {0-1 (43) Anand,V (2765)-Piket,J (2640) Monte Carlo 1997}) 12. Nbd2 (12. Ne1 $1 $11) 12... Qe6 $15 13. Bf4 Nxd2 14. Rxd2 Rad8 15. c4 Rxd2 16. Nxd2 Rd8 17. b3 Rd4 18. Bg3 Qd7 19. Nf1 h5 (19... Be6 $17) 20. h3 h4 21. Bh2 Bg5 22. Kh1 b6 (22... b5 {keeps more tension.} 23. Qh5 Be7 24. Ne3 Be4 25. Kg1 Bg6) 23. f3 a5 {[%cal Ba6a5,Ba5a4][%mdl 32] Black is much more active. White has bad knights.} 24. Ne3 ({White should play} 24. e6 fxe6 25. Be5) 24... Be6 $1 $17 25. Nf1 {Inhibits Rd2.} a4 26. Re1 Bf5 27. Bg1 Rd3 28. Be3 $2 {[#] To avoid Bf4. Now White is beyond hope.} (28. bxa4 $17 {was worth a try.} Qxa4 29. Ne3 Bxe3 30. Bxe3) 28... Bxe3 $1 $19 29. Nxe3 Rd2 (29... axb3 30. axb3 Rd2 31. Qf1 $15) 30. Qf1 Bd3 {To avoid Re2} (30... Rxa2 31. Nxf5 Qxf5 32. bxa4 $17) 31. Qg1 Rxa2 32. bxa4 Qd4 (32... Rxa4 33. Rd1 $15) (32... Qxa4 $2 33. Rc1 $19) 33. Rd1 Re2 ({Inferior is} 33... Rxa4 34. Qe1 $15) 34. Nd5 {[#]} Qxe5 35. Qh2 {Qxe5 is the strong threat.} ({But not} 35. Rxd3 Re1 36. Ne3 Rxg1+ 37. Kxg1 g5 $19) 35... Qxh2+ 36. Kxh2 Bxc4 {Strongly threatening ...Bb3.} 37. Nxc7 {[%mdl 4096] Endgame KRB-KRN} Rb2 38. Kg1 (38. Ra1 $142) 38... Bb3 39. Ra1 {[#]} c4 $1 40. Nb5 Rd2 41. a5 bxa5 42. Rxa5 Rd5 {And now ...Kh7 would win.} 43. Ra8+ Kh7 44. Rb8 Rd1+ 45. Kf2 Rd2+ 46. Kg1 Rd3 {White must now prevent ...Ba4.} 47. Rc8 Ba4 48. Rxc4 Bxb5 49. Rxh4+ {KRB-KR} Kg8 50. Rb4 Rd1+ 51. Kh2 Bd7 52. Rb2 Be6 53. Rb8+ Kh7 54. Rb2 Ra1 55. Rd2 Ra2 56. Rd4 Rc2 57. Kg1 Kg6 58. Kh2 Kf5 59. Kg1 Rc4 60. Rd2 Kf4 {aiming for ...Kg3.} 61. Kh2 Ke3 62. Rb2 Rc5 63. Kg1 Ra5 64. Rb4 Re5 {Inhibits Re4+.} 65. Rb2 Bc4 66. Rc2 Kd3 67. Rb2 $2 (67. Rc1) 67... Rb5 68. Rf2 Kc3 {Weighted Error Value: White=0.18 (very precise) /Black=0.10 (very precise)} 0-1

[Event "84th Tata Steel Challengers 2022"]
[Site "Wijk aan Zee"]
[Date "2022.01.22"]
[Round "7.5"]
[White "Bjerre, Jonas Buhl"]
[Black "Vogel, Roven"]
[Result "1-0"]
[WhiteElo "2586"]
[BlackElo "2452"]
[Annotator "TA"]
[PlyCount "101"]
[EventDate "2022.01.15"]
[EventType "tourn"]
[EventCountry "NED"]
[SourceTitle "playchess.com"]
[Source "ChessBase"]
[SourceQuality "1"]

{[%evp 14,101,44,22,44,27,106,94,108,95,87,91,125,139,125,132,139,120,184,197,202,153,150,124,143,129,181,167,159,164,186,177,185,187,182,157,157,167,204,189,195,195,199,161,169,164,182,172,198,194,186,178,186,177,164,143,189,183,234,225,254,253,246,202,246,235,229,229,235,186,271,270,277,259,260,271,297,279,385,402,396,405,438,346,456,448,495,481,405,366]} 1. e4 e5 2. Nf3 Nc6 3. Bb5 {[%cal Bf1b5,Bb5a4,Ba4b3,Bb3a2][%mdl 32]} a6 4. Ba4 Nf6 5. O-O Be7 6. Re1 b5 7. Bb3 O-O 8. a4 $1 {[%mdl 4] Strongly threatening axb5. is currently scoring better than 8.c3.} Na5 {C88: Closed Ruy Lopez: Anti-Marshall Systems.} 9. Ba2 {[#]} b4 $146 (9... d6 $11) ({Predecessor:} 9... d5 10. exd5 e4 11. Ne5 Bb7 12. d4 Nxd5 13. Nc3 Nxc3 14. bxc3 Bd5 15. Bf4 Bxa2 16. Rxa2 {1-0 (67) Durarbayli,V (2612)-Ivanisevic,I (2650) Baku 2016}) 10. Nxe5 $16 Bb7 {White is better.} 11. d3 {[%cal Bd2d3,Bd3e4,Be4e5][%mdl 32] White is more active.} d5 {[%cal Rd5e4]} 12. Nd2 dxe4 13. dxe4 ({Reject} 13. Nxe4 $6 Nxe4 14. dxe4 Qxd1 15. Rxd1 Bxe4 $11) 13... Qd4 14. Nd3 Rad8 15. Qe2 Bd6 (15... c5 $16 {keeps fighting.}) 16. e5 $18 Rfe8 17. Nf3 Bxf3 18. Qxf3 Bxe5 {[%cal Ob4b3]} 19. Be3 $1 ({Don't play} 19. Rxe5 $6 Rxe5 20. Be3 Rxe3 $1 21. fxe3 Qd6 $11) 19... Qg4 (19... Qd7 $16) 20. Qxg4 Nxg4 21. Bg5 $36 {[%mdl 2048] White is on the roll. This bishop pair is nice.} Bxh2+ 22. Kh1 Bd6 23. Bxd8 Rxd8 24. f3 Nf6 25. Ne5 {Prevents Nc6.} b3 26. Bxb3 Nxb3 27. cxb3 Rb8 28. Nc4 Bg3 29. Re3 Nd5 30. Re4 Nf4 31. Rd1 g6 32. Re3 Ne6 33. Kg1 h5 34. Kf1 Kg7 (34... Bf4 $16) 35. Rd5 h4 {[#]} (35... Rb4 $142 36. Rc3 Nf4) 36. Ne5 $1 Bxe5 37. Rdxe5 {[%mdl 4096] Endgame KRR-KRN} ({Much less strong is} 37. Rexe5 $6 Rxb3 38. Rd7 Kf6 $16) 37... Rd8 38. Rc3 Rd2 39. Re2 Rd1+ 40. Kf2 c5 41. Ke3 Rd6 (41... a5 {was worth a try.} 42. Rd2 Rg1) 42. Rd2 Rb6 43. Rd7 g5 44. Kf2 Kg6 45. Kg1 Kf6 46. Kh2 Kg6 47. Rcd3 a5 48. Ra7 c4 49. Rd2 cxb3 50. Rxa5 Rc6 51. Rad5 {Weighted Error Value: White=0.08 (flawless) /Black=0.25 (precise)} 1-0

[Event "84th Tata Steel Challengers 2022"]
[Site "Wijk aan Zee"]
[Date "2022.01.22"]
[Round "7.6"]
[White "Shuvalova, Polina"]
[Black "Warmerdam, Max"]
[Result "0-1"]
[WhiteElo "2516"]
[BlackElo "2599"]
[Annotator "TA"]
[PlyCount "120"]
[EventDate "2022.01.15"]
[EventType "tourn"]
[EventCountry "NED"]
[SourceTitle "playchess.com"]
[Source "ChessBase"]
[SourceQuality "1"]

{[%evp 10,120,33,35,35,34,30,32,37,10,34,28,33,27,26,2,100,105,112,51,68,36,36,18,64,64,72,12,14,2,25,0,0,-39,-43,-37,-35,-33,-27,-120,-114,-114,-117,-112,-97,-126,-120,-125,-116,-107,-119,-115,-116,-128,-124,-122,-124,-123,-111,-116,-95,-110,-87,-87,-87,-146,-115,-184,-164,-143,-87,-136,0,-131,-92,-162,-158,-178,-177,-197,-49,-48,-44,-47,-9,-8,0,-8,0,-14,0,0,0,-14,0,0,0,-23,4,0,0,-100,-103,-77,-86,-694,-679,-665,-637,-29986,-29987,-29981,-5704]} 1. e4 c5 2. Nf3 Nc6 3. Bb5 e6 4. O-O Nge7 5. d4 cxd4 6. Nxd4 Ng6 {now supersedes 6...Qb6. B30: Sicilian: 2...Nc6 3 Bb5, lines without ...g6.} 7. Be2 Be7 8. c4 O-O {White is slightly better.} 9. Nc3 b6 10. Be3 Bb7 {[#]} 11. Ndb5 $146 ({Predecessor:} 11. Nxc6 Bxc6 12. Qd2 f5 13. exf5 Nh4 14. f3 Nxf5 15. Bf2 Bg5 16. Qd3 Bf4 17. Ne4 {½-½ (35) Kobalia,M (2614)-Gelfand,B (2676) Chess.com INT 2020}) 11... Qb8 12. Qd2 Bc5 (12... a6 $11 {keeps the balance.}) 13. Rad1 $1 $16 (13. Qxd7 $6 a6 14. Bxc5 Rd8 $11) 13... d6 14. Na4 (14. Nxd6 $16 {Hoping for Bxc5.} Rd8 15. Bxc5 bxc5 16. f4 (16. Na4 Nd4 $11)) 14... Rd8 15. Qc1 (15. f4 {is more complex.} Nge7 16. Qc1 e5 17. Bh5 f6 18. b3) 15... Nce7 16. Nxc5 bxc5 (16... dxc5 $11 17. Rxd8+ Qxd8) 17. Nc3 e5 18. Bd3 (18. Qd2 $16) 18... Nc6 $11 19. Nd5 Nd4 20. b3 a5 21. g3 a4 (21... Bxd5 {looks sharper.} 22. cxd5 a4 23. Qb2 axb3 24. axb3 Qb4) 22. Qb2 axb3 23. axb3 Bxd5 24. Bxd4 {[#]} (24. cxd5 $11 Nxb3 25. Rb1) 24... Bxc4 $1 $17 {[%mdl 512]} 25. Bxc4 exd4 ({Don't play} 25... cxd4 $6 26. f4 $15) 26. f4 {[%cal Ob3b4] To avoid Ne5} Ne7 {[%cal Bg6e7,Be7f5,Bf5e3][%mdl 32]} 27. Qg2 d5 28. exd5 Nf5 29. Rfe1 Ne3 30. Rxe3 dxe3 31. Qf3 Qd6 32. Qxe3 Re8 33. Qf2 Re4 34. Kg2 h6 35. Kg1 Kh8 36. Kg2 Rae8 37. Kg1 (37. Bb5 $142) 37... Re3 38. Kg2 (38. Bb5 $17 {was necessary.} R8e7 39. Bc4) 38... Kg8 39. Qc2 R3e4 {Black is more active.} ({Black should try} 39... h5 40. Qf5 g6) 40. Qf2 (40. Bb5 $142) 40... Re3 41. Qc2 $1 R3e7 42. Ra1 (42. Rd2 $17) 42... Qd7 $1 $19 43. Qf2 Re3 44. Rd1 Qg4 (44... h5 $19 {And now ...Qg4 would win.} 45. d6 h4) 45. Rd2 $1 $15 Qf5 {...Qe4+ is the strong threat.} 46. d6 $1 {[%cal Of2e3]} Qe4+ 47. Kh3 $1 Qf5+ 48. Kg2 Qe4+ 49. Kh3 $1 Rd8 50. Rd5 $1 Qe8 {Prevents Re5.} 51. Kg2 {[%cal Od5e5]} Qe4+ 52. Kh3 Qe8 {Prevents Re5.} 53. Kg2 {[%cal Od5e5]} Rc3 54. Qxc5 {Black must now prevent Re5.} Rc2+ 55. Kh3 {[#]} (55. Kf3 $11 Rxh2 56. Re5) 55... Qe6+ $1 $17 {[%mdl 1024] Black has strong compensation.} (55... Qe4 $2 56. Re5 Qg2+ 57. Kg4 $18) 56. f5 Qe4 {( -> ...h5)} 57. Re5 $2 {[%mdl 8192] Now White is beyond hope.} (57. Rd4 $17 Qg2+ 58. Kg4 Qxh2 59. f6) 57... Qg2+ $19 58. Kg4 h5+ {[%mdl 64] Deflection, Decoy} 59. Kxh5 {[#]} Qf3+ 60. Kg5 Kh7 {Weighted Error Value: White=0.38/Black=0.19 (very precise)} 0-1

[Event "84th Tata Steel Challengers 2022"]
[Site "Wijk aan Zee"]
[Date "2022.01.23"]
[Round "8.1"]
[White "Erigaisi Arjun"]
[Black "Bjerre, Jonas Buhl"]
[Result "1-0"]
[WhiteElo "2629"]
[BlackElo "2586"]
[Annotator "TA"]
[PlyCount "59"]
[EventDate "2022.01.15"]
[EventType "tourn"]
[EventCountry "NED"]
[SourceTitle "playchess.com"]
[Source "ChessBase"]
[SourceQuality "1"]

{[%evp 14,59,19,30,21,17,8,15,49,42,44,20,53,55,125,120,119,120,120,116,115,113,121,121,123,122,127,119,130,120,140,137,141,129,191,191,196,199,205,148,174,145,143,157,148,150,156,155]} 1. e4 c5 2. Nf3 e6 3. g3 Nc6 4. Bg2 d5 5. exd5 exd5 6. O-O Nf6 7. d4 cxd4 8. Nxd4 {[%cal Oc2c4]} Be7 {B44: Sicilian: Taimanov: 5 Nb5.} 9. h3 O-O 10. Be3 Nxd4 {The position is equal.} 11. Bxd4 {[#]} Bf5 $146 ({Predecessor:} 11... Be6 12. Nd2 Rc8 13. c3 Ne8 14. Qb3 Nd6 15. Rfe1 Qa5 16. Qd1 Nf5 17. Nf3 Rfe8 {½-½ (55) Chadaev,N (2591)-Sevian,S (2553) Chess.com INT 2015}) 12. Nc3 Ne4 13. Re1 {[%cal Rc3e4]} Bf6 ({Black should play} 13... Nxc3 $14 14. Bxc3 Be6) 14. Bxf6 $16 ({Don't play} 14. Bxe4 $6 dxe4 15. Bxf6 Qxf6 $11) 14... Nxf6 15. Nxd5 Nxd5 16. Qxd5 Qxd5 17. Bxd5 Bxc2 18. Re7 Rad8 19. Bxb7 a5 {[%cal Ba7a5,Ba5a4][%mdl 32]} 20. Rae1 a4 21. Bc6 Rd4 22. Rd7 Rb4 23. Rd2 {White is more active.} Bf5 (23... Rc4 $16 {keeps fighting.}) 24. a3 $18 {White is clearly better.} Rb6 25. Bxa4 Bxh3 26. Re5 Rfb8 27. Rb5 {Hoping for Rxb6.} Kf8 {[#]} 28. Rd8+ $3 {[%mdl 512]} Rxd8 29. Rxb6 Be6 30. Bb3 {White took control after the opening.  Weighted Error Value: White=0.08 (flawless) /Black=0.13 (very precise)} 1-0

[Event "84th Tata Steel Challengers 2022"]
[Site "Wijk aan Zee"]
[Date "2022.01.23"]
[Round "8.2"]
[White "Van Foreest, Lucas"]
[Black "Nguyen, Thai Dai Van"]
[Result "1/2-1/2"]
[WhiteElo "2530"]
[BlackElo "2609"]
[Annotator "TA"]
[PlyCount "120"]
[EventDate "2022.01.15"]
[EventType "tourn"]
[EventCountry "NED"]
[SourceTitle "playchess.com"]
[Source "ChessBase"]
[SourceQuality "1"]

{[%evp 20,120,4,2,3,5,16,18,11,9,4,15,14,0,0,0,10,6,7,0,0,0,6,14,14,9,8,6,10,2,38,26,30,31,38,38,38,0,0,-43,0,-62,0,0,0,0,0,0,0,0,0,0,0,0,0,0,19,19,23,15,18,0,0,0,0,0,10,0,0,0,0,0,0,0,0,0,0,0,0,0,0,0,0,0,0,0,0,0,0,0,0,0,0,0,0,0,0,0,0,0,0,0,0]} 1. d4 Nf6 2. c4 e6 3. Nf3 d5 4. g3 Bb4+ 5. Bd2 Be7 6. Bg2 O-O 7. O-O Nbd7 8. Qc2 c6 9. Bf4 b6 10. Rd1 Bb7 11. Ne5 Nh5 {E08: Closed Catalan: Main Line: 7 Qc2.} 12. Bd2 Nhf6 13. cxd5 cxd5 14. Nc6 Bxc6 15. Qxc6 a6 16. Qc2 b5 17. Qd3 Qc8 18. Rc1 Qb7 {[#]} 19. Bf4 $146 ({Predecessor:} 19. Nc3 Nb6 20. Be1 Rac8 21. e3 Rc7 22. Ne2 Rfc8 23. Rxc7 Rxc7 24. Rc1 Qc8 25. Rxc7 Qxc7 {½-½ (44) Batchuluun,T (2530)-Xiang,Z (2436) Tianjin 2020}) 19... Rfc8 20. Nd2 Rxc1+ 21. Rxc1 Rc8 22. Qb1 Nb6 23. Rc2 Nfd7 24. e4 {[%cal Be2e4,Be4e5][%mdl 32]} Nf6 {[%cal Rd5e4]} 25. e5 Nfd7 {[%cal Bf6d7,Bd7b8,Bb8c6,Bc6e7,Be7f5][%mdl 32]} 26. Bf1 Nc4 27. Bd3 {[%cal Od3h7]} h6 28. Qc1 {[%cal Oa2a4]} Nb8 {White must now prevent ...Nc6.} 29. b3 {[#]} ({Much worse is} 29. Bxc4 dxc4 30. Be3 Nc6 $17) (29. Nxc4 bxc4 30. Be2 Nc6 $15) (29. a3 $11 {deserves consideration.}) 29... Ba3 (29... Nc6 $1 $15 {should be considered.} 30. bxc4 (30. Qa1 Na3) 30... Nxd4) 30. Qd1 (30. Qb1 $11 Nxd2 31. Rxc8+ (31. Bxd2 Rxc2 32. Qxc2 Nc6 $11) 31... Qxc8 32. Bxd2) 30... Nxd2 ({Black should play} 30... Nb2 $1 $15 31. Rxc8+ Qxc8) 31. Rxc8+ ({Not} 31. Rxd2 $2 Rc1 32. Be3 Rxd1+ $19) 31... Qxc8 32. Qxd2 Nc6 33. Bb1 h5 34. Kg2 Qc7 35. Qd1 g6 36. Be3 Ne7 37. Qd2 Nf5 38. Bg5 Bf8 39. h3 Ne7 {The position is equal.} 40. g4 hxg4 41. hxg4 Nc6 42. Be3 Qc8 43. f4 Bb4 44. Qc1 Ne7 45. Qxc8+ Nxc8 $11 {[%mdl 4096] Endgame KBB-KBN} 46. Kf3 Ne7 47. Ke2 Nc6 48. Kd3 Kf8 49. Bc1 Ke8 50. a3 Be7 51. Bc2 Bh4 52. Ke3 Kd7 53. Bb2 Bd8 54. Kd3 Bb6 55. Bd1 Ke7 56. Bf3 Na5 57. Bd1 Nc6 58. Bc3 Kd7 59. Bf3 Na5 60. Bd1 Nc6 {Weighted Error Value: White=0.07 (flawless) /Black=0.06 (flawless)} 1/2-1/2

[Event "84th Tata Steel Challengers 2022"]
[Site "Wijk aan Zee"]
[Date "2022.01.23"]
[Round "8.3"]
[White "Ganguly, Surya Shekhar"]
[Black "Jumabayev, Rinat"]
[Result "0-1"]
[WhiteElo "2627"]
[BlackElo "2631"]
[Annotator "TA"]
[PlyCount "72"]
[EventDate "2022.01.15"]
[EventType "tourn"]
[EventCountry "NED"]
[SourceTitle "playchess.com"]
[Source "ChessBase"]
[SourceQuality "1"]

{[%evp 13,72,15,12,5,13,0,0,0,0,0,-2,-17,-10,-36,-34,-90,-90,-48,-74,-138,-127,-139,-135,-151,-133,-141,-133,-123,-147,-137,-96,-96,-107,-116,-86,-77,-25,-17,-30,-36,0,0,0,0,0,-302,-315,-479,-460,-460,-450,-623,-601,-668,-668,-820,-816,-811,-800,-739,-742]} 1. e4 e5 2. Nf3 Nc6 3. Bc4 Bc5 4. c3 Nf6 5. d3 {[%cal Bd2d3,Bd3d4,Bd4c5][%mdl 32]} d6 6. a4 a5 7. O-O O-O 8. h3 {Recently 8.Nbd2 got a lot of attention. C54: Giuoco Piano: 4 c3 Nf6, main lines with 5 d4 and 5 d3.} Be6 9. Bb5 {[#]} Na7 $146 ({Predecessor:} 9... Ne7 10. d4 Bb6 11. Bd3 Ng6 12. Re1 Re8 13. Be3 c6 14. Nbd2 h6 15. Qc2 Nh5 {0-1 (58) Preotu,R (2487)-Oparin,G (2652) Chess.com INT 2020}) 10. d4 {The position is equal.} Nxb5 11. dxc5 Na7 12. Qe2 Nc6 13. Rd1 Bb3 14. Rd2 ({White should try} 14. Re1 $15) 14... d5 $1 $17 15. exd5 Bxd5 16. Qd1 {[#]} (16. Rd1 $142) 16... Qd7 $1 17. Ng5 {[%cal Oc3c4] Hoping for c4!} h6 18. c4 hxg5 19. cxd5 Nd4 20. Rd3 {[%cal Bd2d3,Bd3g3,Bg3g5][%mdl 32]} Nxd5 21. Bxg5 Qf5 (21... Nb4 $142 22. Rg3 f6) 22. Nc3 Nb4 {Pair of Knights!} ({Reject} 22... Qxg5 $6 23. Nxd5 Qd8 24. Nc3 $11) 23. Rg3 Ra6 $36 {[%mdl 2048] Black is really pushing.} 24. Be3 Rd8 {Black is much more active.} ({Black should play} 24... Rg6 $17 {White must now prevent ...Rxg3.} 25. Rxg6 (25. Bxd4 $2 Rxg3 26. fxg3 exd4 $19) 25... Qxg6) 25. Rg5 $11 Qe6 26. Nb5 $1 Rc6 27. Nxd4 exd4 28. Bxd4 Qh6 29. h4 {[%mdl 8192] [#]} (29. Rg4 $1 $11 {and White stays safe.}) 29... Rg6 $1 $19 30. Ra3 (30. Qg4 $142 Nc2 31. Rd1 Rxg5 32. Be3 (32. hxg5 $2 {too greedy.} Qe6 $19) 32... Rxg4 33. Rxd8+ Kh7 34. Bxh6 Kxh6 35. Rd7) 30... Rxg5 {Black is clearly winning.} 31. hxg5 Qh4 32. g4 {[%cal Og5g6]} Qxg5 33. Rh3 Qf4 34. Qb1 {Qh7+ is the strong threat.} Qxg4+ 35. Kh2 Rxd4 36. Qh7+ Kf8 {Weighted Error Value: White=0.48/Black=0.07 (flawless)} 0-1

[Event "84th Tata Steel Challengers 2022"]
[Site "Wijk aan Zee"]
[Date "2022.01.23"]
[Round "8.4"]
[White "Warmerdam, Max"]
[Black "L'Ami, Erwin"]
[Result "1/2-1/2"]
[WhiteElo "2599"]
[BlackElo "2622"]
[Annotator "TA"]
[PlyCount "92"]
[EventDate "2022.01.15"]
[EventType "tourn"]
[EventCountry "NED"]
[SourceTitle "playchess.com"]
[Source "ChessBase"]
[SourceQuality "1"]

{[%evp 9,92,0,0,0,0,0,0,0,0,0,8,8,6,0,0,0,0,0,0,0,0,-4,0,-40,-8,-8,0,0,0,2,21,25,18,20,27,27,26,27,26,22,28,14,26,26,34,28,34,27,31,28,35,33,29,0,29,0,32,33,33,33,35,31,29,0,0,0,38,39,31,37,24,0,9,0,24,18,23,9,23,0,0,0,0,0,0]} 1. Nf3 d5 {[%cal Bd7d5,Bd5c4][%mdl 32]} 2. c4 c6 3. g3 Nf6 4. Bg2 dxc4 5. Qc2 b5 6. O-O {A11: English Opening: 1...c6.} Bb7 7. Ne1 e6 8. d3 cxd3 9. Nxd3 {[#]} Be7 $146 ({Predecessor:} 9... Nbd7 10. a4 Rc8 11. Rd1 Qb6 12. Be3 c5 13. Bxb7 Qxb7 14. axb5 Ng4 15. Qd2 Be7 {½-½ (38) Dittmar,P-Poeter,M freechess.de 2020}) 10. Rd1 O-O 11. a4 Qc8 12. Bg5 Nbd7 13. axb5 c5 14. Bxb7 Qxb7 15. Qa4 Rfc8 16. Nd2 h6 (16... Nb6 $5 {[%cal Rb6a4]} 17. Qa6 Qd5 $11) 17. Bxf6 Bxf6 18. Rdc1 Rcb8 19. Ne4 Qxb5 20. Nxf6+ Nxf6 21. Rxc5 Qxa4 22. Rxa4 Rb7 23. Rca5 Nd7 {[%cal Bf6d7,Bd7b6,Bb6d5][%mdl 32]} 24. f4 Nb6 25. Ra2 g6 26. Kf2 Nd5 27. R2a4 h5 28. Kf3 Kg7 29. h3 Nb6 30. Ra2 Nd5 31. R2a4 Nb6 32. Ra2 Nd5 33. R5a4 Nb6 34. Ra6 Nd5 35. R2a4 Nb6 36. Ra2 Nd5 $1 37. R2a4 Nb6 38. Ra1 Nd5 39. R6a4 Nb6 40. Ra6 Nd5 41. R6a4 Nb6 42. R4a2 Nd5 43. Ra5 Nb4 44. Nxb4 Rxb4 {The position is equal.} 45. Rxa7 Rxa7 46. Rxa7 Rxb2 {Weighted Error Value: White=0.05 (flawless) /Black=0.02 (flawless)} 1/2-1/2

[Event "84th Tata Steel Challengers 2022"]
[Site "Wijk aan Zee"]
[Date "2022.01.23"]
[Round "8.5"]
[White "Murzin, Volodar"]
[Black "Maurizzi, Marc`Andria"]
[Result "1/2-1/2"]
[WhiteElo "2519"]
[BlackElo "2496"]
[Annotator "TA"]
[PlyCount "131"]
[EventDate "2022.01.15"]
[EventType "tourn"]
[EventCountry "NED"]
[SourceTitle "playchess.com"]
[Source "ChessBase"]
[SourceQuality "1"]

{[%evp 9,131,31,34,27,34,0,0,0,-1,-12,0,-32,-25,-24,0,0,0,0,0,-45,0,0,0,-10,0,-20,-20,-20,-10,-8,0,0,25,17,22,27,53,54,41,54,62,56,62,66,62,0,0,0,0,0,0,0,168,-265,-287,-256,-14,-14,-15,-14,-14,-15,0,0,0,0,0,0,29,29,29,29,134,131,137,87,695,695,695,301,301,301,301,301,695,0,301,301,301,301,356,317,695,315,695,301,301,0,695,301,695,200,695,0,301,200,296,200,200,200,200,200,301,200,225,106,695,695,695,695,695,695,695,695]} 1. Nf3 Nf6 2. d4 e6 3. c4 a6 4. Nc3 d5 5. cxd5 exd5 6. Bg5 {D37: Queen's Gambit Declined: 5 Bf4.} Be6 7. g3 Nbd7 8. Bg2 {The position is equal.} Bd6 9. O-O c6 10. Qc2 h6 11. Bf4 {[#]} Qc7 $146 ({Predecessor:} 11... Qb8 12. Bxd6 Qxd6 13. a3 O-O 14. b4 Rfe8 15. Na4 b6 16. Rfc1 Rac8 17. Qd3 Bg4 {0-1 (53) Doluweera,D (1863)-Mezentsev,I (2354) Chess.com INT 2020}) 12. e3 O-O 13. Nh4 Rfe8 14. Nf5 (14. Rfe1 $11) 14... Bxf5 (14... Bxf4 $15 {might be stronger.} 15. gxf4 Nb6) 15. Qxf5 g6 16. Qc2 {[%cal Oc3d5]} Bxf4 17. gxf4 {[%cal Oc3d5]} Nb6 18. Kh1 Qd7 19. Rg1 Kh7 20. Bf1 Ne4 21. Bd3 {[%cal Rc3e4]} f5 22. Rg2 Re6 23. Ne2 {[%cal Bc3e2,Be2g1,Bg1f3,Bf3e5][%mdl 32]} Rc8 24. b4 Nc4 25. Ng1 a5 26. a3 Ra8 {aiming for ...axb4.} 27. Ra2 ({Better is} 27. Bxc4 $14 dxc4 28. bxa5) 27... b5 $11 28. Nf3 Qa7 29. bxa5 Qxa5 30. Ne5 Nxa3 $2 (30... Qa4 $11) 31. Rxa3 $4 {[%mdl 8192]} Qxa3 $19 32. f3 {[#]} Qc3 $2 33. fxe4 $11 Ra1+ 34. Rg1 {Chess con chili.} Rxg1+ 35. Kxg1 Qe1+ 36. Kg2 fxe4 37. Bxb5 Qxe3 38. Bxc6 Qxf4 {Threatens to win with ...Rf6.} 39. Bxd5 {White wants to mate with Qc7+.} Qg5+ 40. Kh1 Re7 (40... Qf6 $1 $11 {remains equal.} 41. Qg2 Ra6) 41. Qc8 $36 {[%csl Gd5][%cal Rc8g8][%mdl 2048] White is really pushing.} Re8 {[#] Prevents Qg8+.} 42. Qc6 {White is more active.} ({Much weaker is} 42. Qxe8 $6 Qc1+ 43. Kg2 Qd2+ 44. Kh3 Qe3+ 45. Kg4 Qg5+ 46. Kh3 Qe3+ 47. Kh4 Qg5+ 48. Kh3 Qe3+ $11) (42. Qc4 $142 $1) 42... Rxe5 $4 {[%mdl 8192]} (42... Re7 $16) 43. dxe5 $18 {Qd7+ would kill now.} Qxe5 44. Bxe4 (44. Qd7+ $142 Qg7 45. Qc6) 44... Qa1+ 45. Kg2 Qa2+ 46. Kg3 Qb3+ $2 (46... Qa3+ 47. Kg4 h5+ 48. Kf4 Qf8+ 49. Kg3 Qf7) 47. Kg2 (47. Kh4 $142 Qf7 48. Kg3) 47... Qa2+ $1 48. Bc2 Qf7 49. Kg3 {Black must now prevent Be4.} Kg7 50. Bd3 Qf6 $2 (50... h5 51. Qe4 Qf6) 51. Qc7+ (51. Qxf6+ $142 Kxf6 52. h4) 51... Qf7 $2 (51... Kh8 52. Be4 Qd4) 52. Qc5 (52. Qxf7+ $142 Kxf7 53. Be4) 52... Qe6 53. Qc7+ $2 (53. Qd4+ Qf6 54. Qd7+ Kf8 55. Qc8+ Kg7 56. Qd7+ Kf8 57. Qc8+ Kg7 58. Qd7+) 53... Qf7 $1 54. Qe5+ (54. Qxf7+ $142 Kxf7 55. Be4) 54... Qf6 $2 (54... Kh7 55. Be4 Qa7) 55. Qd5 $2 (55. Qxf6+ Kxf6 56. h4) 55... Qf7 $2 (55... Qg5+ 56. Qxg5 hxg5 57. h3 $18) (55... h5 56. h4 Kh6) 56. Qc5 (56. Qxf7+ $142 Kxf7 57. Bc4+ Kg7 58. Kf4) 56... Qe6 $1 57. Kf2 {Inhibits Qe1+.} Qa2+ (57... Qf6+ $142 58. Ke2 h5 59. Qc7+ Kh6) 58. Ke3 {Threatening mate with Bc4.} Qe6+ 59. Kd2 Qa2+ 60. Bc2 {Qe7+ is the strong threat.} Qe6 {Inhibits Qe7+.} (60... Qf7 $142 61. Bd3 Qf4+ 62. Kd1 Qa4+ 63. Kc1 Qa1+ 64. Kd2 Qa2+ 65. Ke1 Qa1+ 66. Kd2 Qa2+) 61. Kc3 Qf6+ 62. Kb4 (62. Qd4 $18 {Strongly threatening Kd3.} Qxd4+ 63. Kxd4) 62... Qf8 $2 {[%mdl 8192]} (62... h5 $16 63. Qa7+ Qf7 64. Qd4+ Qf6 65. Qd7+ Kh6 66. Qd2+ Kh7 67. Qd7+ Kh6) 63. Qxf8+ {White is clearly winning.} Kxf8 64. Kc5 Kg7 65. Kd5 Kf6 66. Ke4 {[%mdl 32768] Never resign too early!  Weighted Error Value: White=0.96/Black=0.70. An unexpected result.} 1/2-1/2